| 000 | 00674nam a2200193Ia 4500 | ||
|---|---|---|---|
| 003 | OSt | ||
| 005 | 20240415162512.0 | ||
| 008 | 210210b2005 xxu||||| |||| 00| 0 eng d | ||
| 040 | _cAL | ||
| 041 | _aKannada | ||
| 082 | _aK894.308 GURA | ||
| 100 |
_aGURUPRASAD KAGINELE. _dಗುರುಪ್ರಸಾದ್ ಕಾಗಿನೆಲೆ _9160386 |
||
| 245 |
_aAchicheya kategalu: kadalacheya kannada kathasankalana. _bಆಚೀಚೆಯ ಕತೆಗಳು: ಕಡಲಾಚೆಯ ಕನ್ನಡ ಕಥಾಸಂಕಲನ |
||
| 260 |
_aBengaluru _bKannada Sahitya Ranga _c2005 |
||
| 300 | _axv,263 | ||
| 690 |
_aKannada Fiction _9160387 |
||
| 906 | _a061066 | ||
| 942 |
_2ddc _cBK |
||
| 999 |
_c107951 _d107951 |
||